1577 1528 1414 1958 1815 1489 1060 1225 1376 1400 1789 1229 1363 1027 1620 1337 1512 1031 1623 1416 1752 1056 1414 1954 1551 1778 1310 1560 1477 1371 1490 1294 1573 1927 1314 1633 1248 1878 1970 1453 1185 1860 1238 1168 1007 1813 1248 1499 1432 1016 1769 1812 1337 1679 1522 1828 1362 1202 1108 1316 1910 1614 1236 1979 1538 1415 1644 1322 1918 1289 1131 1146 1805 1093 1718 1028 1540 1785 1754 1445 1758 1598 1088 1384 1921 1445 1790 1545 1939 1507 1049 1284 1178 1365 1832 1224 1671 1992 1741 BCNSPRNW ULIB Ver.6.0+V

เปลี่ยนเป็นภาษาไทย

Change to English
 แสดงรายละเอียดบรรณานุกรม
  กลับหน้าหลัก

Brief Record : Get Marc (ISO 2709) : E-mail record : QR code < ปิดหน้าต่าง
LEADER : 00000nam 2200000uu 4500
001    13399127552
003     ULIB
008    210126s||||||||th 000 0 tha d
020    ^a9786163983046
060    ^aWY159^bพ236ก
100    ^aพิมพาภรณ์ กลั่นกลิ่น
245    ^aการพยาบาลเด็กเพื่อการสร้างเสริมสุขภาพ
250    ^aพิมพ์ครั้งที่ 2
260    ^aเชียงใหม่ :^bคณะพยาบาลศาสตร์ มหาวิทยาลัยเชียงใหม่.,^c2561
300    ^a239 หน้า :^bภาพประกอบ, ตาราง ;^c26 ซม.
650    ^aการพยาบาลเด็ก
650    ^aการสร้างเสริมสุขภาพ
710    ^aมหาวิทยาลัยเชียงใหม่. โครงการตำราคณะพยาบาลศาสตร์
945    ^p200^l0^i28507
945    ^p200^l0^i28508
945    ^p200^l0^i28509
945    ^p200^l0^i28510
945    ^p200^l0^i28511
945    ^p200^l0^i28512
945    ^p200^l0^i28513
945    ^p200^l0^i28514
945    ^p200^l0^i28515
945    ^p200^l0^i28516
999    ^aกัณชพร จุลอักษร
รายการนี้ยังไม่มีแท็ก
คุณยังไม่ได้ล็อกอิน คุณสามารถมีกิจกรรมร่วมกับเว็บไซต์ได้ แต่ต้องล็อกอินก่อน ::
  ล็อกอิน

รายการสื่อสารสนเทศ

ลำดับที่ ประเภท เลขเรียก/บาร์โค้ด สถานที่ สถานะ
1. หนังสือสำรอง
หนังสือสำรอง
WY159 พ236ก ฉ.1 
  Barcode: 28507
ห้องสมุดวิทยาเขตนครสวรรค์
►หนังสือทั่วไป:l:General Books
บนชั้น
2. วิทยาศาสตร์การแพทย์ และสุขภาพ
วิทยาศาสตร์การแพทย์ และสุขภาพ
WY159 พ236ก ฉ.10 
  Barcode: 28516
ห้องสมุดวิทยาเขตนครสวรรค์
►หนังสือทั่วไป:l:General Books
บนชั้น
3. วิทยาศาสตร์การแพทย์ และสุขภาพ
วิทยาศาสตร์การแพทย์ และสุขภาพ
WY159 พ236ก ฉ.2 
  Barcode: 28508
ห้องสมุดวิทยาเขตนครสวรรค์
►หนังสือทั่วไป:l:General Books
บนชั้น
4. วิทยาศาสตร์การแพทย์ และสุขภาพ
วิทยาศาสตร์การแพทย์ และสุขภาพ
WY159 พ236ก ฉ.3 
  Barcode: 28509
ห้องสมุดวิทยาเขตนครสวรรค์
►หนังสือทั่วไป:l:General Books
บนชั้น
5. วิทยาศาสตร์การแพทย์ และสุขภาพ
วิทยาศาสตร์การแพทย์ และสุขภาพ
WY159 พ236ก ฉ.4 
  Barcode: 28510
ห้องสมุดวิทยาเขตนครสวรรค์
►หนังสือทั่วไป:l:General Books
บนชั้น
6. วิทยาศาสตร์การแพทย์ และสุขภาพ
วิทยาศาสตร์การแพทย์ และสุขภาพ
WY159 พ236ก ฉ.5 
  Barcode: 28511
ห้องสมุดวิทยาเขตนครสวรรค์
►หนังสือทั่วไป:l:General Books
บนชั้น
7. วิทยาศาสตร์การแพทย์ และสุขภาพ
วิทยาศาสตร์การแพทย์ และสุขภาพ
WY159 พ236ก ฉ.6 
  Barcode: 28512
ห้องสมุดวิทยาเขตนครสวรรค์
►หนังสือทั่วไป:l:General Books
บนชั้น
8. วิทยาศาสตร์การแพทย์ และสุขภาพ
วิทยาศาสตร์การแพทย์ และสุขภาพ
WY159 พ236ก ฉ.7 
  Barcode: 28513
ห้องสมุดวิทยาเขตนครสวรรค์
►หนังสือทั่วไป:l:General Books
บนชั้น
9. วิทยาศาสตร์การแพทย์ และสุขภาพ
วิทยาศาสตร์การแพทย์ และสุขภาพ
WY159 พ236ก ฉ.8 
  Barcode: 28514
ห้องสมุดวิทยาเขตนครสวรรค์
►หนังสือทั่วไป:l:General Books
บนชั้น
10. วิทยาศาสตร์การแพทย์ และสุขภาพ
วิทยาศาสตร์การแพทย์ และสุขภาพ
WY159 พ236ก ฉ.9 
  Barcode: 28515
ห้องสมุดวิทยาเขตนครสวรรค์
►หนังสือทั่วไป:l:General Books
บนชั้น

รายการใกล้เคียง
    ชื่อเรื่อง [การพยาบาลเด็กเพื่อการสร้างเสริมสุขภาพ]

    ผู้แต่ง [พิมพาภรณ์ กลั่นกลิ่น]

    หัวเรื่อง [การพยาบาลเด็ก]
    หัวเรื่อง [การสร้างเสริมสุขภาพ]

BibComment


ยังไม่เคยถูกคอมเมนท์

คอมเมนท์ทรัพยากรรายการนี้
  คอมเมนท์: การพยาบาลเด็กเพื..


 Copyright 2026. Bcnsprnw @Library